[Event "ZN-2014-0-02708"]
[Site "LSS email"]
[Date "2014.05.04"]
[Round "?"]
[White "Cabrera, Jese"]
[Black "Bokros, Csaba"]
[Result "0-1"]
[WhiteElo "603"]
[BlackElo "789"]
[PlyCount "50"]
[EventDate "2014.05.02"]
[EventType "match (corr)"]
[EventRounds "2"]
[EventCountry "GER"]
[SourceTitle "Corr 2022"]
[Source "ChessBase"]
[SourceDate "2021.10.24"]
[SourceVersion "1"]
[SourceVersionDate "2021.10.24"]
[SourceQuality "1"]

1. e4 e5 2. Nf3 d6 3. h3 Nf6 4. d4 Nbd7 5. Bb5 c6 6. Ba4 Qa5+ 7. Nc3 Nxe4 8. Bb3 d5 9. 0-0 Nxc3 10. bxc3 Bd6 11. dxe5 Nxe5 12. Bd2 0-0 13. Rb1 b5 14. Nxe5 Bxe5 15. c4 Qc7 16. cxd5 cxd5 17. Bxd5 Bb7 18. Rxb5 Bxd5 19. Rxd5 Rfd8 20. Rxd8+ Rxd8 21. Qc1 Re8 22. Re1 f6 23. Be3 h6 24. Bd4 a6 25. c3 Kf7 0-1

[Event "ZN-2014-0-02703"]
[Site "LSS email"]
[Date "2014.05.02"]
[Round "?"]
[White "Cherry, Brian"]
[Black "Cabrera, Jese"]
[Result "0-1"]
[WhiteElo "615"]
[BlackElo "631"]
[PlyCount "66"]
[EventDate "2014.04.29"]
[EventType "match (corr)"]
[EventRounds "2"]
[EventCountry "GER"]
[SourceTitle "Corr 2022"]
[Source "ChessBase"]
[SourceDate "2021.10.24"]
[SourceVersion "1"]
[SourceVersionDate "2021.10.24"]
[SourceQuality "1"]

1. e4 e5 2. Nf3 d6 3. Bb5+ c6 4. Bc4 b5 5. Bb3 Bg4 6. d3 Be7 7. Nbd2 a5 8. c4 a4 9. Bc2 Nf6 10. a3 0-0 11. b3 axb3 12. Bxb3 bxc4 13. Nxc4 Nbd7 14. Ne3 Rb8 15. 0-0 Bh5 16. Qe2 Rxb3 17. Qc2 Bxf3 18. Qxb3 Nc5 19. Qc2 Bh5 20. f3 d5 21. Bb2 d4 22. Nf5 Bg6 23. Nh4 Nh5 24. g3 Bxh4 25. gxh4 Ne6 26. Qxc6 Qxh4 27. Rf2 Nef4 28. Qc2 Nh3+ 29. Kf1 Nxf2 30. Qxf2 Qh3+ 31. Ke1 Nf4 32. Kd2 Rb8 33. Kc2 Qc8+ 0-1

[Event "BI-2014-P-0010"]
[Site "LSS email"]
[Date "2014.04.19"]
[Round "?"]
[White "Cabrera, Jese"]
[Black "Hassim, Yonah"]
[Result "0-1"]
[WhiteElo "638"]
[BlackElo "2197"]
[PlyCount "46"]
[EventDate "2014.04.25"]
[EventType "tourn (corr)"]
[EventRounds "10"]
[EventCountry "GER"]
[SourceTitle "Corr 2022"]
[Source "ChessBase"]
[SourceDate "2021.10.24"]
[SourceVersion "1"]
[SourceVersionDate "2021.10.24"]
[SourceQuality "1"]

1. Nf3 d5 2. d4 Nf6 3. Nc3 e6 4. Bg5 Be7 5. Bxf6 Bxf6 6. e3 0-0 7. Be2 c5 8. dxc5 Nd7 9. b4 Bxc3+ 10. Nd2 a5 11. Rb1 axb4 12. 0-0 Nxc5 13. Nb3 b6 14. Nxc5 bxc5 15. f4 Rxa2 16. Bd3 c4 17. Be2 Qb6 18. h3 Qxe3+ 19. Kh1 b3 20. Rf3 Qxf3 21. Bxf3 bxc2 22. Qc1 cxb1Q 23. Qxb1 Ra1 0-1

[Event "BI-2014-P-0010"]
[Site "LSS email"]
[Date "2014.04.19"]
[Round "?"]
[White "Cabrera, Jese"]
[Black "Roques, Pascal"]
[Result "0-1"]
[WhiteElo "626"]
[BlackElo "2226"]
[PlyCount "34"]
[EventDate "2014.04.25"]
[EventType "tourn (corr)"]
[EventRounds "10"]
[EventCountry "GER"]
[SourceTitle "Corr 2015"]
[Source "ChessBase"]
[SourceDate "2015.07.17"]
[SourceVersion "1"]
[SourceVersionDate "2015.07.17"]
[SourceQuality "1"]

1. d4 Nf6 2. Nf3 g6 3. Nc3 d5 4. Bg5 Ne4 5. e3 Nxg5 6. Nxg5 e5 7. Nh3 Bg7 8. Qd3 exd4 9. exd4 0-0 10. 0-0-0 Nc6 11. Qb5 Bg4 12. Rd2 Re8 13. f3 Bxh3 14. Rd1 Bf5 15. Qxd5 Qg5+ 16. Kb1 Bxc2+ 17. Kxc2 Nb4+ 0-1

[Event "BI-2014-P-0010"]
[Site "LSS email"]
[Date "2014.04.19"]
[Round "?"]
[White "Sampaio Vianna Braga, Carlos Fernando"]
[Black "Cabrera, Jese"]
[Result "1-0"]
[WhiteElo "1364"]
[BlackElo "626"]
[PlyCount "53"]
[EventDate "2014.04.25"]
[EventType "tourn (corr)"]
[EventRounds "10"]
[EventCountry "GER"]
[SourceTitle "Corr 2015"]
[Source "ChessBase"]
[SourceDate "2015.07.17"]
[SourceVersion "1"]
[SourceVersionDate "2015.07.17"]
[SourceQuality "1"]

1. d4 f5 2. Bg5 h6 3. Bh4 g5 4. e3 Nf6 5. Bg3 d5 6. Nc3 Be6 7. Bd3 a6 8. Nge2 h5 9. h4 g4 10. Nf4 Qd7 11. Nxe6 Nc6 12. Nxc7+ Kf7 13. Nxa8 Bh6 14. Nb6 Qe6 15. 0-0 Rd8 16. Nca4 Ne4 17. Bxe4 fxe4 18. Nc5 Qf6 19. Nxb7 Rb8 20. Bxb8 Nxb8 21. Nxd5 Qxh4 22. c4 e6 23. g3 Qh3 24. Nd8+ Kg6 25. Nxe6 h4 26. Qa4 hxg3 27. Qe8+ 1-0

[Event "BI-2014-P-0010"]
[Site "LSS email"]
[Date "2014.04.19"]
[Round "?"]
[White "Stadler, Pavel"]
[Black "Cabrera, Jese"]
[Result "1-0"]
[WhiteElo "1304"]
[BlackElo "626"]
[PlyCount "27"]
[EventDate "2014.04.25"]
[EventType "tourn (corr)"]
[EventRounds "10"]
[EventCountry "GER"]
[SourceTitle "Corr 2015"]
[Source "ChessBase"]
[SourceDate "2015.07.17"]
[SourceVersion "1"]
[SourceVersionDate "2015.07.17"]
[SourceQuality "1"]

1. e4 e5 2. Nf3 Nc6 3. Bc4 h6 4. d4 Nxd4 5. Nxd4 exd4 6. Qxd4 Nf6 7. e5 Nh7 8. 0-0 Be7 9. Nc3 d6 10. Re1 c5 11. Qe4 a6 12. exd6 Qxd6 13. Bf4 Qg6 14. Qxe7# 1-0

[Event "SN-2014-0-00587"]
[Site "LSS email"]
[Date "2014.04.17"]
[Round "?"]
[White "Cabrera, Jese"]
[Black "Newton, Daryl"]
[Result "1-0"]
[WhiteElo "800"]
[BlackElo "435"]
[PlyCount "71"]
[EventDate "2014.03.22"]
[EventType "tourn (corr)"]
[EventRounds "6"]
[EventCountry "GER"]
[SourceTitle "Corr 2022"]
[Source "ChessBase"]
[SourceDate "2021.10.24"]
[SourceVersion "1"]
[SourceVersionDate "2021.10.24"]
[SourceQuality "1"]

1. e4 e5 2. d4 Nc6 3. d5 Nd4 4. c3 Bc5 5. b4 Be7 6. cxd4 Bxb4+ 7. Bd2 c5 8. dxc5 Bxc5 9. Nc3 Qf6 10. Nf3 d6 11. Be2 Qg6 12. g3 Nf6 13. Nb5 Kf8 14. a4 Nxe4 15. Rf1 Nxf2 16. Rxf2 Bxf2+ 17. Kxf2 Bf5 18. Nh4 Qf6 19. Rc1 Bc2+ 20. Kg2 Be4+ 21. Bf3 Bxf3+ 22. Qxf3 Qxf3+ 23. Nxf3 h5 24. Rc7 a6 25. Nxd6 Rd8 26. Bb4 Rh6 27. Nxf7+ Ke8 28. Re7+ Kf8 29. Rxb7+ Kg8 30. Nxd8 Rg6 31. Nxe5 Rg5 32. Ndf7 Rf5 33. d6 h4 34. d7 Rh5 35. Rb8+ Kh7 36. Rh8# 1-0

[Event "SN-2014-0-00581"]
[Site "LSS email"]
[Date "2014.03.14"]
[Round "?"]
[White "Cabrera, Jese"]
[Black "Huseby, Juan Carlos"]
[Result "1-0"]
[WhiteElo "630"]
[BlackElo "464"]
[PlyCount "43"]
[EventDate "2014.02.21"]
[EventType "tourn (corr)"]
[EventRounds "6"]
[EventCountry "GER"]
[SourceTitle "Telechess CBM 167"]
[Source "ChessBase"]
[SourceDate "2015.07.13"]
[SourceVersion "1"]
[SourceVersionDate "2015.07.13"]
[SourceQuality "1"]

1. Nf3 b6 2. b3 Bb7 3. Bb2 Nc6 4. d4 d5 5. e3 e5 6. dxe5 Nge7 7. Bd3 d4 8. exd4 Nxd4 9. Nxd4 Bxg2 10. Rg1 Qd5 11. Qe2 Bf3 12. Nxf3 0-0-0 13. Nc3 Nf5 14. Nxd5 Rxd5 15. Bxf5+ Kb8 16. Qa6 Bc5 17. Be4 c6 18. Bxd5 cxd5 19. 0-0-0 Bxf2 20. Rxg7 Be3+ 21. Kb1 Rd8 22. Rxf7 1-0

[Event "SN-2014-0-00581"]
[Site "LSS email"]
[Date "2014.03.14"]
[Round "?"]
[White "Cabrera, Jese"]
[Black "Husum, Dag"]
[Result "0-1"]
[WhiteElo "630"]
[BlackElo "1301"]
[PlyCount "60"]
[EventDate "2014.02.21"]
[EventType "tourn (corr)"]
[EventRounds "6"]
[EventCountry "GER"]
[SourceTitle "Telechess CBM 167"]
[Source "ChessBase"]
[SourceDate "2015.07.13"]
[SourceVersion "1"]
[SourceVersionDate "2015.07.13"]
[SourceQuality "1"]

1. Nf3 Nf6 2. g3 d5 3. d4 Bf5 4. Bg2 e6 5. c4 c6 6. cxd5 cxd5 7. Qa4+ Nc6 8. Ne5 Rc8 9. 0-0 Qb6 10. Be3 Qxb2 11. Nd2 Qb4 12. Qxb4 Nxb4 13. h3 Nc2 14. Rac1 Ba3 15. Rxc2 Rxc2 16. g4 Be4 17. f3 Bg6 18. Nxg6 hxg6 19. Rb1 Bc1 20. Rxb7 0-0 21. Rxa7 Bxd2 22. Bf2 Rb8 23. Kh2 Rb1 24. g5 Bxg5 25. h4 Bf4+ 26. Bg3 Bxg3+ 27. Kxg3 Rxe2 28. Kh3 Rg1 29. Rc7 Nh5 30. a4 Rexg2 0-1

[Event "SN-2014-0-00581"]
[Site "LSS email"]
[Date "2014.03.14"]
[Round "?"]
[White "Cabrera, Jese"]
[Black "Linart, Ludvik"]
[Result "0-1"]
[WhiteElo "630"]
[BlackElo "875"]
[PlyCount "66"]
[EventDate "2014.02.21"]
[EventType "tourn (corr)"]
[EventRounds "6"]
[EventCountry "GER"]
[SourceTitle "Telechess CBM 167"]
[Source "ChessBase"]
[SourceDate "2015.07.13"]
[SourceVersion "1"]
[SourceVersionDate "2015.07.13"]
[SourceQuality "1"]

1. Nf3 d5 2. d4 c6 3. Bf4 Nf6 4. h3 Bf5 5. Bh2 Nbd7 6. e3 g6 7. Be2 Bg7 8. c3 0-0 9. Nbd2 Re8 10. 0-0 Qb6 11. b4 a5 12. a3 axb4 13. cxb4 Ra7 14. Nb3 Rea8 15. Nc5 Nxc5 16. dxc5 Qd8 17. Qb3 Ne4 18. g4 Be6 19. Be5 Bxe5 20. Nxe5 Nd2 21. Qc2 Nxf1 22. Kxf1 Rxa3 23. Rxa3 Rxa3 24. Kg2 Qa8 25. Kf3 Ra2 26. Qd3 Qa4 27. Qc3 Rc2 28. Qd4 Qa2 29. Qd3 d4 30. exd4 Bd5+ 31. Ke3 Qb2 32. Bd1 Rxf2 33. Qb3 Qd2# 0-1